000 01594nam0a2200349 4500
001 RU\NLR\BIBL_A\022379117
005 20260420021330.0
010 _a978-5-04-115517-9
_92000
021 _aRU
_bКН-П-24-057336
_9КН-П-24-5711
035 _a(NLR Aleph) 022379117
090 _a13669898
_c13669898
100 _a20241111d2024 u y0rusy50 ca
101 1 _arus
_ceng
102 _aRU
105 _aac z 001zy
181 0 _ai3
_baxxe
182 0 _an
200 1 _aИсцеляющая сила энергии
_eпростые практики, чтобы вернуть здоровье телу, разуму и Духу
_fКарен Фрезье
_g[перевод с английского М. Белолипцева]
203 _aТекст
_bвизуальный
_cнепосредственный
210 _aМосква
_cЭксмо
_d2024
215 _a175, [1] с.
_cил., цв. ил., портр.
_d21
225 1 _aЧакры
_iСемь ступеней к гармонии
300 _aНа 172-й с. авт.: Карен Фрезье, бакалавр метафиз. наук (BMSc), магистр метафизики (MMSc)
320 _aБиблиогр.: с. 167-168
320 _aАлф. указ.: с. 173-175
606 1 _aБиоэнергетика
_jПопулярные издания
_xЛечебное применение
_91157057
_3RU\NLR\AUTH\66144407
686 1 _aР358.9я9
700 1 _aФрезье
_bК.
_gКарен
942 _cBOOK
980 _aNB